Gaming Quiz

Random Gaming or Video Games Quiz

Video Game Last Names Quiz Stats

 Plays Quiz Updated Aug 29, 2012

Also try: Video Game Memes
Challenge
Share
Tweet
Embed
Score 0/48 Timer 10:00
1 Play Today
First Name Last Name % Correct
LaraCroft
78.3%
SamusAran
56.9%
JillValentine
45.8%
NeoCortex
39.5%
SonyaBlade
37.1%
SamFisher
36.3%
FalcoLombardi
32.9%
JohnMarston
25.7%
GuybrushThreepwood
25.6%
TommyVercetti
25.6%
RyuHayabusa
22.3%
TravisTouchdown
19.6%
AlyxVance
19.1%
ThomasLight
19.1%
JimRaynor
18.8%
LarsÜmlaüt
18.1%
GarcianSmith
15.1%
PabloSanchez
15%
EdmondHonda
14.7%
SanderCohen
13.8%
DominicSantiago
12.6%
MiaFey
12.1%
SomaCruz
10.6%
CecilHarvey
9.7%
First Name Last Name % Correct
ArthasMenethil
9.2%
JodySummer
8.9%
MerylSilverburgh
8.5%
MannyCalavera
8%
RicoRodriguez
7.8%
MonaSax
7.6%
MichelleChang
7.3%
AyaBrea
7%
GabeLogan
6.1%
ZelosWilder
6%
DerekStiles
5.9%
MorriganAensland
5.7%
HeishiroMitsurugi
5.1%
TinaArmstrong
5%
BangShishigami
5%
LucaBlight
4.9%
JunpeiIori
4.9%
NekuSakuraba
4.5%
ChippZanuff
4.3%
RobertGarcia
4%
KyleHyde
3.5%
CitanUzuki
2.8%
YuriHyuga
1.9%
JackRussell
1.8%

You're not logged in!

Compare scores with friends on all Sporcle quizzes.
Join for Free
OR
Log In

You Might Also Like...

Show Comments

Extras

Top Quizzes Today


Score Distribution

Your Account Isn't Verified!

In order to create a playlist on Sporcle, you need to verify the email address you used during registration. Go to your Sporcle Settings to finish the process.

Report this User

Report this user for behavior that violates our Community Guidelines.

Details: